[Event "XXX Festival A"]
[Site "Arco ITA"]
[Date "2008.10.24"]
[Round "7"]
[White "Orlandi, Stefano"]
[Black "Sigillo, Carmelo"]
[Result "1-0"]
[WhiteElo "1965"]
[BlackElo "1751"]
[PlyCount "59"]
[EventDate "2008.10.18"]

1. e4 c5 2. Nf3 d6 3. d4 cxd4 4. Nxd4 Nf6 5. Nc3 a6 6. Be2 e5 7. Nb3 Be7 8. O-O
Be6 9. f4 b5 10. Bf3 Qb6+ 11. Kh1 Nbd7 12. f5 Bc4 13. Re1 Nc5 14. Be3 Rd8 15.
Nd2 d5 16. exd5 Qc7 17. Nxc4 bxc4 18. Bxc5 Bxc5 19. Qe2 Bd4 20. Rad1 O-O 21.
Na4 Rfe8 22. c3 Ba7 23. Be4 Rd6 24. b3 cxb3 25. axb3 Qb7 26. b4 Qc7 27. c4 Bd4
28. c5 Rxd5 29. Bxd5 Nxd5 30. Rxd4 1-0

[Event "XXX Festival A"]
[Site "Arco ITA"]
[Date "2008.10.24"]
[Round "7"]
[White "Paggiaro, Luca"]
[Black "Medancic, Rikard"]
[Result "1/2-1/2"]
[WhiteElo "2049"]
[BlackElo "2225"]
[PlyCount "82"]
[EventDate "2008.10.18"]

1. e4 d5 2. exd5 Qxd5 3. Nc3 Qd6 4. Nf3 Nf6 5. Nb5 Qd8 6. Nc3 Bg4 7. Be2 e6 8.
h3 Bh5 9. d3 Nc6 10. Bf4 Bd6 11. Qd2 Qe7 12. O-O h6 13. Ne4 Nxe4 14. dxe4 Rd8
15. Rad1 e5 16. Be3 O-O 17. c3 a6 18. Qc2 Bc5 19. Bxc5 Qxc5 20. a3 a5 21. Rxd8
Rxd8 22. Rd1 Rd6 23. Rxd6 Qxd6 24. Nh4 Bxe2 25. Qxe2 g6 26. Qg4 Kh7 27. Qf3 Nd8
28. g3 Kg7 29. Qe3 a4 30. Qe2 c6 31. Kg2 Ne6 32. Qg4 Kf8 33. Qf3 Nc5 34. Qe3
Kg7 35. Nf3 f6 36. Nh2 b6 37. Ng4 g5 38. Qf3 h5 39. Ne3 Qd3 40. Qxh5 Qxe4+ 41.
Kg1 Qg6 1/2-1/2

[Event "XXX Festival A"]
[Site "Arco ITA"]
[Date "2008.10.24"]
[Round "7"]
[White "Papa, Angelo"]
[Black "Ludovici, Roberto"]
[Result "1/2-1/2"]
[WhiteElo "1870"]
[BlackElo "1843"]
[PlyCount "48"]
[EventDate "2008.10.18"]

1. d4 e6 2. Nf3 d5 3. e3 Nf6 4. Bd3 c5 5. b3 Nc6 6. O-O Be7 7. Bb2 Nb4 8. Be2
O-O 9. a3 Nc6 10. Nbd2 b6 11. Bd3 Bb7 12. Qe2 Qd7 13. Rad1 Rac8 14. Ne5 Qc7 15.
f4 Bd6 16. Nxc6 Qxc6 17. dxc5 Be7 18. cxb6 Qxb6 19. Bd4 Qa5 20. a4 g6 21. Kh1
Rc6 22. Bb5 Rxc2 23. Bd3 Rc6 24. Bb5 Rc2 1/2-1/2

[Event "XXX Festival A"]
[Site "Arco ITA"]
[Date "2008.10.24"]
[Round "7"]
[White "Pipitone, Antonio"]
[Black "Moncelli, Giorgio"]
[Result "1-0"]
[WhiteElo "1997"]
[BlackElo "2110"]
[PlyCount "43"]
[EventDate "2008.10.18"]

1. e4 c5 2. Nf3 e6 3. d4 cxd4 4. Nxd4 Nf6 5. Nc3 d6 6. Bd3 a6 7. a4 Be7 8. Be3
O-O 9. O-O Qc7 10. Kh1 b6 11. Qe2 Bb7 12. f3 Nbd7 13. Qf2 d5 14. exd5 Nxd5 15.
Nxd5 Bxd5 16. Ne2 Bc5 17. Qh4 f5 18. Bd4 e5 19. Bc3 Rf6 20. Bd2 Rf7 21. Nc3 Bb7
22. Bc4 1-0

[Event "XXX Festival A"]
[Site "Arco ITA"]
[Date "2008.10.24"]
[Round "7"]
[White "Pivovarov, Michail"]
[Black "Sigmund, Ingenuin"]
[Result "0-1"]
[WhiteElo "1963"]
[BlackElo "1676"]
[PlyCount "124"]
[EventDate "2008.10.18"]

1. e4 e6 2. d4 d5 3. Nc3 Bb4 4. e5 c5 5. a3 Ba5 6. Be3 cxd4 7. Bxd4 Ne7 8. Bd3
O-O 9. Nf3 Ng6 10. O-O Nc6 11. Bc5 Re8 12. b4 Bc7 13. Bxg6 hxg6 14. Re1 f6 15.
exf6 gxf6 16. Qd3 Kf7 17. Rad1 Ne5 18. Nxe5+ Bxe5 19. g3 b6 20. Bd4 Bxd4 21.
Qxd4 Bb7 22. Qh4 Rh8 23. Qg4 Re8 24. f4 Rc8 25. Ne2 Qd7 26. Nd4 Rc7 27. Qh3 Kg8
28. Qh6 Qf7 29. Qh3 a6 30. Rd2 Rce7 31. Rde2 e5 32. fxe5 Rxe5 33. Qf1 Kg7 34.
a4 Qc7 35. Qf2 Qc3 36. Rxe5 Rxe5 37. Rxe5 fxe5 38. Ne6+ Kh6 39. Qf8+ Kh5 40.
Qh8+ Kg4 41. Qh4+ Kf3 42. Qf6+ Ke2 43. Qf2+ Kd1 44. Nd8 Bc8 45. h4 Qe1+ 46.
Qxe1+ Kxe1 47. Nc6 e4 48. Ne5 Kd2 49. c4 Be6 50. cxd5 Bxd5 51. Nxg6 e3 52. Nf4
Bf3 53. Kh2 Bg4 54. Kg2 e2 55. Nxe2 Kxe2 56. a5 b5 57. Kg1 Kf3 58. Kh2 Kf2 59.
Kh1 Kxg3 60. Kg1 Kxh4 61. Kh2 Kg5 62. Kg3 Bh5 0-1

[Event "XXX Festival A"]
[Site "Arco ITA"]
[Date "2008.10.24"]
[Round "7"]
[White "Prakken, Gerrit"]
[Black "Valenti, Giuseppe"]
[Result "1/2-1/2"]
[WhiteElo "2206"]
[BlackElo "2162"]
[PlyCount "78"]
[EventDate "2008.10.18"]

1. d4 Nf6 2. c4 e6 3. Nc3 Bb4 4. e3 c5 5. Bd3 b6 6. Nf3 O-O 7. O-O Bb7 8. Na4
cxd4 9. exd4 Be7 10. Re1 d6 11. a3 Nbd7 12. Nc3 d5 13. b3 Rc8 14. Bb2 Re8 15.
Ne5 dxc4 16. bxc4 Nxe5 17. dxe5 Nd7 18. Nb5 Nc5 19. Re3 g6 20. Bc2 Bg5 21. Re1
Qe7 22. Nd6 Rcd8 23. Qg4 Rf8 24. f4 Bh6 25. f5 Qg5 26. Qxg5 Bxg5 27. f6 Bc6 28.
Bc1 Bxc1 29. Raxc1 Nd7 30. Rcd1 Nc5 31. Kf2 Rd7 32. g3 Rfd8 33. Ke3 Be4 34.
Bxe4 Nxe4 35. Rd4 Nc5 36. Red1 Nb3 37. R4d3 Nc5 38. Rd4 Nb3 39. R4d3 Nc5
1/2-1/2

[Event "XXX Festival A"]
[Site "Arco ITA"]
[Date "2008.10.24"]
[Round "7"]
[White "Qendro, Llambi"]
[Black "De Santis, Alessio"]
[Result "1/2-1/2"]
[WhiteElo "2373"]
[BlackElo "2263"]
[PlyCount "22"]
[EventDate "2008.10.18"]

1. d4 d6 2. e4 Nf6 3. Nc3 c6 4. Nf3 Bg4 5. Be2 e6 6. h3 Bh5 7. O-O d5 8. exd5
cxd5 9. Ne5 Bxe2 10. Qxe2 Nc6 11. Nxc6 bxc6 1/2-1/2

[Event "XXX Festival A"]
[Site "Arco ITA"]
[Date "2008.10.24"]
[Round "7"]
[White "Romagnoli, Roberto"]
[Black "Lapiccirella, Daniele"]
[Result "1/2-1/2"]
[WhiteElo "2080"]
[BlackElo "2179"]
[PlyCount "74"]
[EventDate "2008.10.18"]

1. c4 c6 2. Nc3 d5 3. cxd5 cxd5 4. d4 Nf6 5. Nf3 Nc6 6. e3 a6 7. Be2 Bg4 8. O-O
e6 9. Bd2 Bd6 10. h3 Bh5 11. Ne1 Bxe2 12. Qxe2 O-O 13. Nd3 e5 14. dxe5 Nxe5 15.
Nxe5 Bxe5 16. Rab1 Re8 17. Qf3 b5 18. Rfd1 b4 19. Ne2 a5 20. a3 Qb6 21. Nf4
Bxf4 22. Qxf4 Re4 23. Qf3 Rc8 24. axb4 axb4 25. b3 h6 26. Rdc1 Rce8 27. Kh1 d4
28. Rc4 dxe3 29. Bxe3 Qa6 30. Rbc1 Qe6 31. Kg1 Rxc4 32. Rxc4 Nd5 33. Rd4 Nxe3
34. Qxe3 Qxe3 35. fxe3 Rxe3 36. Rxb4 Re2 37. Kh2 Rb2 1/2-1/2

[Event "XXX Festival A"]
[Site "Arco ITA"]
[Date "2008.10.24"]
[Round "7"]
[White "Roversi, Stefano"]
[Black "Acunzo, Domenico"]
[Result "0-1"]
[WhiteElo "1839"]
[BlackElo "1797"]
[PlyCount "56"]
[EventDate "2008.10.18"]

1. e4 e6 2. d3 c5 3. g3 g6 4. Bg2 Bg7 5. Nf3 Ne7 6. Nbd2 Nbc6 7. O-O b6 8. Nc4
d5 9. exd5 exd5 10. Ne3 O-O 11. h4 h6 12. Nh2 Kh7 13. h5 a5 14. c3 a4 15. a3
Ra7 16. f4 d4 17. hxg6+ fxg6 18. cxd4 Nxd4 19. Be4 Bh3 20. Re1 Nb3 21. Rb1 Nf5
22. Nhf1 Bd4 23. Bxf5 Bxf5 24. g4 Bc8 25. Qf3 Raf7 26. Ng3 Nxc1 27. Rbxc1 Rxf4
28. Qxf4 Rxf4 0-1

[Event "XXX Festival A"]
[Site "Arco ITA"]
[Date "2008.10.24"]
[Round "7"]
[White "Savarese, Vincenzo"]
[Black "Thonig, Manfred"]
[Result "1-0"]
[WhiteElo "1821"]
[BlackElo "1709"]
[PlyCount "101"]
[EventDate "2008.10.18"]

1. e4 g6 2. d4 Bg7 3. Nc3 c6 4. a4 a5 5. Be3 d6 6. Nge2 Bg4 7. f3 Bd7 8. g4 e5
9. Ng3 Qb6 10. Nce2 Na6 11. c3 Nc7 12. Qd2 Qa7 13. dxe5 c5 14. exd6 Ne6 15. Bg2
Rd8 16. O-O Qb8 17. f4 Bc6 18. e5 Bxg2 19. Kxg2 Nh6 20. h3 f5 21. g5 Nf7 22. h4
h5 23. c4 b6 24. Nc3 Rd7 25. Qd5 Nfd8 26. Nb5 Qb7 27. Qxb7 Rxb7 28. Rad1 Kd7
29. Ne2 Nc6 30. Nec3 Nb4 31. Nd5 Nxd5 32. cxd5 Nd8 33. e6+ Nxe6 34. dxe6+ Kxe6
35. Bc1 Kd7 36. Rfe1 Bf8 37. Bd2 Rh7 38. Bc3 Kc6 39. Re6 Kd7 40. Rxg6 Rb8 41.
Rf6 Re8 42. Be5 c4 43. Rxf5 Kc6 44. g6 Rd7 45. Rxh5 Bg7 46. Rd2 Rf8 47. Bxg7
Rxg7 48. f5 Rff7 49. Rg5 Rf6 50. h5 Rg8 51. h6 1-0

[Event "XXX Festival A"]
[Site "Arco ITA"]
[Date "2008.10.24"]
[Round "7"]
[White "Schaberg, Wolfgang"]
[Black "Kofler, Albin"]
[Result "1-0"]
[WhiteElo "1932"]
[BlackElo "1724"]
[PlyCount "93"]
[EventDate "2008.10.18"]

1. e4 c6 2. d4 d5 3. Nc3 dxe4 4. Nxe4 Bf5 5. Ng3 Bg6 6. Nf3 h6 7. Ne5 Bh7 8.
Qh5 g6 9. Qf3 Nf6 10. Qb3 e6 11. Qxb7 Nbd7 12. Nxd7 Nxd7 13. Qxc6 Bg7 14. c3
O-O 15. Be2 Nb6 16. O-O Qe7 17. Re1 Rab8 18. Ba6 Rfd8 19. Ne4 Nd5 20. Qa4 g5
21. Bd3 Nf4 22. Bxf4 gxf4 23. Qc2 Kh8 24. Nc5 Bxd3 25. Nxd3 Rbc8 26. Qe2 Qg5
27. Qf3 e5 28. Nxe5 Bxe5 29. Rxe5 Qg6 30. Rae1 f6 31. Qh5 Qxh5 32. Rxh5 Re8 33.
Kf1 Kg7 34. Ra5 Rxe1+ 35. Kxe1 Re8+ 36. Kd2 Re7 37. b4 h5 38. Rxh5 Kg6 39. Rh8
Re6 40. f3 Ra6 41. Rg8+ Kf7 42. Rg4 Rxa2+ 43. Kd3 Ke6 44. h4 a6 45. h5 Ra1 46.
Rh4 Rg1 47. h6 1-0

[Event "XXX Festival A"]
[Site "Arco ITA"]
[Date "2008.10.24"]
[Round "7"]
[White "Schrott, Johann"]
[Black "Diotallevi, Maurizio"]
[Result "1/2-1/2"]
[WhiteElo "1689"]
[BlackElo "2101"]
[PlyCount "55"]
[EventDate "2008.10.18"]

1. e4 e6 2. d4 d5 3. Nd2 c5 4. c3 cxd4 5. cxd4 dxe4 6. Nxe4 Bb4+ 7. Nc3 Nc6 8.
Bb5 Nge7 9. Nge2 O-O 10. O-O a6 11. Bd3 Ng6 12. Be3 Nce7 13. Qb3 Bd6 14. Be4
Qc7 15. h3 f5 16. Bd3 f4 17. Bd2 f3 18. gxf3 Rxf3 19. Ne4 Bf4 20. Rac1 Qb8 21.
Rxc8+ Qxc8 22. Bxf4 Nxf4 23. Nxf4 Rxf4 24. Ng5 Rxd4 25. Bxh7+ Kh8 26. Qf3 Rh4
27. Be4 Nd5 28. Qg3 1/2-1/2

[Event "XXX Festival A"]
[Site "Arco ITA"]
[Date "2008.10.24"]
[Round "7"]
[White "Stolfa, Rodolfo"]
[Black "Ricci, Alfredo"]
[Result "1/2-1/2"]
[WhiteElo "1912"]
[BlackElo "2020"]
[PlyCount "74"]
[EventDate "2008.10.18"]

1. d4 c5 2. d5 Nf6 3. c4 g6 4. Nc3 Bg7 5. e4 d6 6. Bd3 O-O 7. Nge2 a6 8. a4 e6
9. O-O b6 10. f4 exd5 11. exd5 Bg4 12. Qc2 Bxe2 13. Nxe2 Nbd7 14. Ra3 Qe7 15.
Ng3 Ng4 16. Ne2 f5 17. Qd2 Rae8 18. h3 Ne3 19. Rf3 Bd4 20. Nxd4 cxd4 21. b4 a5
22. bxa5 bxa5 23. Bb2 Nb6 24. Rb3 Nbxc4 25. Bxc4 Nxc4 26. Qxd4 Nxb2 27. Qxb2
Qe4 28. Qd2 Qxa4 29. Qb2 Re1+ 30. Kh2 Qa1 31. Qxa1 Rxa1 32. Rb6 Rd8 33. Rc3 Rd1
34. Rb5 a4 35. Ra5 Rd4 36. Rc7 a3 37. Raa7 Rxd5 1/2-1/2

[Event "XXX Festival A"]
[Site "Arco ITA"]
[Date "2008.10.24"]
[Round "7"]
[White "Tocco, Paolo"]
[Black "Jensen, Leif"]
[Result "1-0"]
[WhiteElo "2156"]
[BlackElo "2036"]
[PlyCount "67"]
[EventDate "2008.10.18"]

1. d4 d5 2. e4 e6 3. Nc3 dxe4 4. f3 Bb4 5. Be3 Nf6 6. Qd2 Nd5 7. Bf2 exf3 8.
Nxf3 Nd7 9. a3 Nxc3 10. bxc3 Be7 11. Bd3 O-O 12. O-O b6 13. Be3 Bb7 14. Qf2
Bxf3 15. Qxf3 Nf6 16. Qh3 g6 17. Bh6 Re8 18. Bb5 c5 19. Bxe8 Qxe8 20. Rf3 Rd8
21. Raf1 Nh5 22. g4 Ng7 23. Bxg7 Kxg7 24. Rxf7+ Qxf7 25. Rxf7+ Kxf7 26. Qxh7+
Kf8 27. Qxg6 cxd4 28. cxd4 Rxd4 29. Qh6+ Kf7 30. Qh7+ Kf6 31. Qh8+ Kg5 32. Qxd4
Bc5 33. Qxc5+ bxc5 34. h3 1-0

[Event "XXX Festival A"]
[Site "Arco ITA"]
[Date "2008.10.24"]
[Round "7"]
[White "Tomassoni, Leonardo"]
[Black "Coqueraut, Jean Dominique"]
[Result "1/2-1/2"]
[WhiteElo "1982"]
[BlackElo "1892"]
[PlyCount "101"]
[EventDate "2008.10.18"]

1. e4 d6 2. d4 Nf6 3. Nc3 e5 4. dxe5 dxe5 5. Qxd8+ Kxd8 6. Bg5 Be6 7. O-O-O+
Nbd7 8. Nf3 Bd6 9. Nb5 Ke7 10. Nxd6 cxd6 11. Nd2 h6 12. Bxf6+ gxf6 13. Nc4 Bxc4
14. Bxc4 Nb6 15. Bb3 Rac8 16. Rd2 Rhg8 17. g3 Nc4 18. Rd3 b5 19. Rhd1 Rgd8 20.
Rd5 a6 21. R5d3 Rc6 22. f3 h5 23. Rg1 Rg8 24. Rgd1 Rgc8 25. Bxc4 Rxc4 26. R1d2
R4c6 27. Kd1 Rg8 28. Ke1 Rg5 29. Kf2 f5 30. exf5 Rxf5 31. Kg2 Rg5 32. h4 Rg6
33. b3 f5 34. Kh3 Rc5 35. c3 Rc8 36. Rc2 Ke6 37. c4 Rg7 38. Rcd2 Rc6 39. cxb5
axb5 40. Rd5 Rb6 41. R5d3 b4 42. Rc2 Rd7 43. Rc8 Kf7 44. Rh8 Kg6 45. Rg8+ Kf6
46. Rg5 Rh7 47. Rg8 Kf7 48. Rg5 Kf6 49. Rg8 Kf7 50. Rg5 Kf6 51. Rg8 1/2-1/2

[Event "XXX Festival A"]
[Site "Arco ITA"]
[Date "2008.10.24"]
[Round "7"]
[White "Traversi, Carlo"]
[Black "Dieli, Riccardo"]
[Result "0-1"]
[WhiteElo "1759"]
[BlackElo "1943"]
[PlyCount "72"]
[EventDate "2008.10.18"]

1. e4 c5 2. Nc3 Nc6 3. Nf3 g6 4. d4 cxd4 5. Nxd4 a6 6. Be3 Bg7 7. h3 d6 8. Nxc6
bxc6 9. Be2 Bb7 10. O-O Nf6 11. Qd2 c5 12. f3 Nh5 13. Bf2 O-O 14. Rab1 a5 15.
Nd5 Bxd5 16. Qxd5 Nf4 17. Qd2 Nxe2+ 18. Qxe2 Rb8 19. Rfd1 Rxb2 20. Rxb2 Bxb2
21. Bxc5 Qc7 22. Bd4 Rb8 23. c4 Bxd4+ 24. Rxd4 Qc5 25. Qf2 Rb4 26. Rd2 Qxf2+
27. Kxf2 Rxc4 28. Ke2 f6 29. Kd3 Rc5 30. Rb2 Kf7 31. a4 Ke6 32. Rb5 Rxb5 33.
axb5 Kd7 34. Kc3 Kc7 35. Kb3 Kb6 36. Ka4 e6 0-1

[Event "XXX Festival A"]
[Site "Arco ITA"]
[Date "2008.10.24"]
[Round "7"]
[White "Vezzosi, Paolo"]
[Black "Drazic, Sinisa"]
[Result "1-0"]
[WhiteElo "2337"]
[BlackElo "2528"]
[PlyCount "83"]
[EventDate "2008.10.18"]

1. c4 e6 2. Nc3 Bb4 3. Qb3 c5 4. Nf3 Nc6 5. a3 Ba5 6. g3 Nge7 7. Bg2 d5 8. O-O
O-O 9. d3 h6 10. Bf4 g5 11. Bc1 Bxc3 12. Qxc3 d4 13. Qc2 a5 14. e3 e5 15. exd4
cxd4 16. Rb1 Ng6 17. b4 axb4 18. axb4 Be6 19. Re1 f6 20. b5 Na5 21. Ba3 Rf7 22.
Nd2 f5 23. Bb4 e4 24. dxe4 f4 25. e5 d3 26. Qc3 Nxc4 27. Nxc4 Rc8 28. Ba5 b6
29. Bc6 Rxc6 30. bxc6 Qd5 31. Nd2 fxg3 32. hxg3 Nh4 33. gxh4 Rf4 34. Re3 Rg4+
35. Rg3 Rxh4 36. f3 bxa5 37. c7 Kg7 38. Rc1 a4 39. Qc6 Qa2 40. c8=Q Bxc8 41.
Qxc8 Qxd2 42. Rc7+ 1-0

[Event "XXX Festival A"]
[Site "Arco ITA"]
[Date "2008.10.24"]
[Round "7"]
[White "Wagner, Frank"]
[Black "De Polzer, Manfredi"]
[Result "1/2-1/2"]
[WhiteElo "1955"]
[BlackElo "1726"]
[PlyCount "106"]
[EventDate "2008.10.18"]

1. Nf3 d5 2. d4 Bf5 3. g3 h6 4. Bg2 Nf6 5. O-O e6 6. b3 Bd6 7. c4 c6 8. Ba3
Bxa3 9. Nxa3 Qc7 10. Nd2 O-O 11. Re1 Nbd7 12. Qc1 Qb6 13. Qb2 Rfe8 14. e4 dxe4
15. Nxe4 Nxe4 16. Bxe4 Bxe4 17. Rxe4 f5 18. Re2 Nf6 19. Rae1 Kf7 20. c5 Qc7 21.
Nc4 Rad8 22. Nd6+ Rxd6 23. cxd6 Qxd6 24. Qd2 Nd5 25. Qa5 a6 26. Qc5 Qd7 27. a3
Re7 28. Qc2 Qd6 29. b4 Kf6 30. Qd3 g6 31. Rc2 Kf7 32. Qe2 Nf6 33. Qe5 Qd8 34.
h3 h5 35. Kg2 Qd7 36. Qf4 Qd5+ 37. Kh2 Qb3 38. Qc1 Qd5 39. Qe3 Rd7 40. Rce2 Re7
41. Qe5 Qc4 42. f3 Nd7 43. Qf4 Nf6 44. g4 hxg4 45. fxg4 Nd5 46. Qe5 Qd3 47. Rf2
f4 48. Rxf4+ Nxf4 49. Qxf4+ Kg7 50. Rf1 Rd7 51. Qf8+ Kh7 52. Rf7+ Rxf7 53.
Qxf7+ Kh8 1/2-1/2

[Event "XXX Festival A"]
[Site "Arco ITA"]
[Date "2008.10.24"]
[Round "7"]
[White "Zordan, Diego"]
[Black "Piccoli, Vincenzo"]
[Result "0-1"]
[WhiteElo "1846"]
[BlackElo "1972"]
[PlyCount "56"]
[EventDate "2008.10.18"]

1. d4 Nf6 2. c4 e6 3. Nc3 Bb4 4. Nf3 b6 5. a3 Bxc3+ 6. bxc3 Ba6 7. e3 O-O 8.
Bd3 Nc6 9. O-O Na5 10. c5 Bxd3 11. Qxd3 bxc5 12. dxc5 Nb3 13. Rb1 Nxc5 14. Qd4
d6 15. Rd1 Rb8 16. Bd2 Qd7 17. c4 Nb3 18. Qxa7 Ra8 19. Qxa8 Rxa8 20. Rxb3 Qa4
21. Rdb1 h6 22. Bc3 Ne4 23. Nd4 Qxc4 24. Nb5 Rb8 25. f3 Rxb5 26. Rxb5 Nxc3 27.
Rb8+ Kh7 28. R1b4 Qe2 0-1

[Event "XXX Festival A"]
[Site "Arco ITA"]
[Date "2008.10.24"]
[Round "7"]
[White "Zucchelli, Massimo"]
[Black "Vuelban, Virgilio"]
[Result "0-1"]
[WhiteElo "2145"]
[BlackElo "2390"]
[PlyCount "114"]
[EventDate "2008.10.18"]

1. d4 d5 2. c4 dxc4 3. Nf3 a6 4. e3 Bg4 5. Bxc4 e6 6. Nc3 Nf6 7. O-O Nc6 8. Be2
Bd6 9. b3 Qe7 10. Bb2 Rd8 11. h3 Bh5 12. Nd2 Bxe2 13. Qxe2 e5 14. d5 Nb4 15. e4
Nc2 16. Rad1 Nd4 17. Qe3 b5 18. Ne2 Nxe2+ 19. Qxe2 O-O 20. Rc1 Nd7 21. Rc2 g6
22. a4 Rb8 23. Bc1 Rb7 24. Rc6 Nb8 25. Rc2 Nd7 26. Rc6 Ra8 27. Nf3 Nc5 28. Qc2
bxa4 29. bxa4 Nb3 30. Bg5 f6 31. Be3 Na5 32. Rc3 Qe8 33. Bc5 Rab8 34. Bxd6 cxd6
35. Rc1 Nb3 36. Rc8 Rxc8 37. Qxc8 Qxc8 38. Rxc8+ Kf7 39. Rc6 Ke7 40. g4 Kd7 41.
g5 Nc5 42. gxf6 Nxe4 43. f7 Ke7 44. Kf1 Kxf7 45. Ke2 Ke7 46. Rxa6 Nc3+ 47. Kd2
Nxd5 48. Ra8 Nb6 49. Ra6 Nd5 50. Ra8 Rb2+ 51. Ke1 Nf4 52. a5 Nd3+ 53. Kd1 Nxf2+
54. Kc1 Nd3+ 55. Kd1 e4 56. Nd4 e3 57. a6 Rd2# 0-1

[Event "XXX Festival A"]
[Site "Arco ITA"]
[Date "2008.10.25"]
[Round "8"]
[White "Acunzo, Domenico"]
[Black "Tomassoni, Leonardo"]
[Result "0-1"]
[WhiteElo "1797"]
[BlackElo "1982"]
[PlyCount "64"]
[EventDate "2008.10.18"]

1. e4 c5 2. Nf3 d6 3. c3 Nc6 4. d4 Nf6 5. Be2 e6 6. Qc2 cxd4 7. cxd4 g6 8. O-O
Bg7 9. Nc3 O-O 10. Bg5 Qa5 11. Rad1 a6 12. a3 b5 13. e5 dxe5 14. dxe5 Nd7 15.
Qe4 Qc7 16. Be7 Nxe7 17. Qxa8 Bb7 18. Rxd7 Qxd7 19. Qa7 Ra8 20. Qe3 Nf5 21. Qb6
Qc6 22. Qa5 Bxe5 23. Rd1 Nd4 24. a4 Nxe2+ 25. Nxe2 Bxb2 26. Qd2 Bf6 27. axb5
axb5 28. Ned4 Qd5 29. Qb4 e5 30. Qxb5 exd4 31. Qxd5 Bxd5 32. h3 Bxf3 0-1

[Event "XXX Festival A"]
[Site "Arco ITA"]
[Date "2008.10.25"]
[Round "8"]
[White "Ager, Josef"]
[Black "Pipitone, Antonio"]
[Result "1-0"]
[WhiteElo "2231"]
[BlackElo "1997"]
[PlyCount "77"]
[EventDate "2008.10.18"]

1. d4 Nf6 2. Bg5 Ne4 3. Bf4 d5 4. Nd2 Nxd2 5. Qxd2 Nc6 6. e3 a6 7. Bd3 g6 8.
Nf3 Bg7 9. h3 e6 10. O-O O-O 11. Rfd1 Re8 12. c4 e5 13. dxe5 dxc4 14. Bxc4 Qxd2
15. Rxd2 Be6 16. Bxe6 Rxe6 17. Rd7 Rc8 18. Rc1 h6 19. Nd4 Re7 20. Rxe7 Nxe7 21.
e6 c5 22. exf7+ Kxf7 23. Nb3 b6 24. Nd2 g5 25. Bg3 Ke6 26. b3 Nd5 27. Ne4 Rc6
28. Kf1 Nb4 29. a4 Kd5 30. f3 c4 31. Rd1+ Nd3 32. Nf2 cxb3 33. Nxd3 Kc4 34. Be5
Rg6 35. Ke2 b5 36. Rc1+ Kd5 37. e4+ Ke6 38. Rc6+ Kf7 39. Rc7+ 1-0

[Event "XXX Festival A"]
[Site "Arco ITA"]
[Date "2008.10.25"]
[Round "8"]
[White "Bondielli, Giorgio"]
[Black "Vanzan, Alessandro"]
[Result "1/2-1/2"]
[WhiteElo "1954"]
[BlackElo "1805"]
[PlyCount "36"]
[EventDate "2008.10.18"]

1. e4 c5 2. d4 cxd4 3. Nf3 d6 4. Nxd4 Nf6 5. Nc3 g6 6. Bc4 Bg7 7. O-O O-O 8.
Be3 Nc6 9. Nxc6 bxc6 10. Qe2 Bd7 11. Rfd1 Qc7 12. h3 Rab8 13. Rab1 Rfe8 14. Bb3
a6 15. Qd2 a5 16. Qd4 Ng4 17. Qa7 Rb7 18. Qa6 Nxe3 1/2-1/2

[Event "XXX Festival A"]
[Site "Arco ITA"]
[Date "2008.10.25"]
[Round "8"]
[White "Bonini, Roberto"]
[Black "Pivovarov, Michail"]
[Result "0-1"]
[WhiteElo "1843"]
[BlackElo "1963"]
[PlyCount "135"]
[EventDate "2008.10.18"]

1. e4 c6 2. d4 d5 3. Nc3 dxe4 4. Nxe4 Nf6 5. Nxf6+ exf6 6. Nf3 Bd6 7. Bd3 Na6
8. c3 Nc7 9. O-O O-O 10. Re1 Nd5 11. h3 Be6 12. Nh4 Qd7 13. Qf3 Ne7 14. Bf4 Bd5
15. Qg3 Bxf4 16. Qxf4 Ng6 17. Nxg6 fxg6 18. Re3 Rae8 19. a3 Rxe3 20. fxe3 f5
21. Re1 b5 22. Qg3 Re8 23. Qf4 Be4 24. Bxe4 Rxe4 25. Qg3 Qe8 26. Kf1 h6 27. Qf2
Qe6 28. Qd2 Kh7 29. Kf2 Qe7 30. Kf1 g5 31. Qf2 g6 32. Kg1 f4 33. Qf3 fxe3 34.
Re2 h5 35. Qg3 Kh6 36. Qb8 Kg7 37. Qg3 a5 38. Qf3 a4 39. Qg3 h4 40. Qf3 Qe6 41.
Kh2 Qd6+ 42. Kh1 Qf4 43. Kg1 Kf6 44. Kf1 Qf5 45. Ke1 Qxf3 46. gxf3 Re7 47. Rc2
Kf5 48. c4 Kf4 49. Ke2 Rd7 50. cxb5 cxb5 51. Rc3 Rxd4 52. Rxe3 Rd5 53. Re6 Kg3
54. Rf6 Kxh3 55. Rxg6 Kg3 56. Ke3 Re5+ 57. Kd4 Rf5 58. Ke4 Rc5 59. Kd4 Rc4+ 60.
Kd5 g4 61. fxg4 Rxg4 62. Rc6 h3 63. Rc3+ Kh4 64. Rc1 h2 65. Rc8 Kh3 66. Rc3+
Rg3 67. Rc1 Rg1 68. Rc3+ 0-1

[Event "XXX Festival A"]
[Site "Arco ITA"]
[Date "2008.10.25"]
[Round "8"]
[White "Burani, Eugenio"]
[Black "Ferrari, Michele"]
[Result "1-0"]
[WhiteElo "1991"]
[BlackElo "1825"]
[PlyCount "57"]
[EventDate "2008.10.18"]

1. e4 c6 2. d4 d5 3. Nc3 dxe4 4. Nxe4 Bf5 5. Ng3 Bg6 6. h4 h6 7. Nf3 e6 8. Ne5
Bh7 9. c3 Nd7 10. f4 Nxe5 11. fxe5 Be7 12. Qg4 g6 13. Be3 Qb6 14. O-O-O Qa5 15.
Bc4 h5 16. Qf3 Ba3 17. Bg5 Ne7 18. bxa3 Qxa3+ 19. Kc2 O-O 20. Ne4 Nd5 21. Nf6+
Kh8 22. Nxd5 cxd5 23. Qf6+ Kg8 24. Bb3 Rac8 25. Rd3 a5 26. Bh6 Rxc3+ 27. Rxc3
g5+ 28. Kd2 Qb2+ 29. Bc2 1-0

[Event "XXX Festival A"]
[Site "Arco ITA"]
[Date "2008.10.25"]
[Round "8"]
[White "Buratti, Marco"]
[Black "Dickhoff, Ronald"]
[Result "1-0"]
[WhiteElo "2017"]
[BlackElo "2175"]
[PlyCount "37"]
[EventDate "2008.10.18"]

1. e4 e6 2. Nc3 d5 3. Nf3 Nf6 4. e5 Nfd7 5. d4 c5 6. Bb5 Nc6 7. O-O Qb6 8. dxc5
Bxc5 9. Bf4 a6 10. Bxc6 bxc6 11. Na4 Qb5 12. Nxc5 Nxc5 13. Be3 Nd7 14. Rb1 O-O
15. c3 Qc4 16. Qc2 Qg4 17. Ng5 Qh5 18. f4 h6 19. Qh7# 1-0

[Event "XXX Festival A"]
[Site "Arco ITA"]
[Date "2008.10.25"]
[Round "8"]
[White "Casagrande, Fabio"]
[Black "Ludovici, Roberto"]
[Result "1-0"]
[WhiteElo "2017"]
[BlackElo "1843"]
[PlyCount "97"]
[EventDate "2008.10.18"]

1. e4 c5 2. c3 d5 3. exd5 Qxd5 4. d4 cxd4 5. cxd4 Nc6 6. Nf3 e5 7. Nc3 Bb4 8.
Bd2 Bxc3 9. Bxc3 Bg4 10. dxe5 Qe4+ 11. Qe2 Bxf3 12. gxf3 Qxe2+ 13. Bxe2 Nge7
14. O-O-O Nf5 15. Rd2 Ke7 16. Rhd1 Rad8 17. f4 Rxd2 18. Rxd2 Rc8 19. Kd1 Rd8
20. Bf3 Rxd2+ 21. Kxd2 Nd8 22. Kd3 g6 23. Bb4+ Ke6 24. Bd1 h5 25. Bb3+ Kd7 26.
Ke4 b6 27. Ba4+ Kc7 28. Be8 a5 29. Bf8 Ne6 30. Ba3 Nd8 31. Kd5 Nh6 32. Be7 Ne6
33. Bg5 Ng7 34. Bxh6 Nxe8 35. Ke4 Kd7 36. f5 Nc7 37. h4 Na6 38. Be3 b5 39. Bb6
a4 40. a3 b4 41. fxg6 fxg6 42. Kd5 bxa3 43. bxa3 Nb8 44. e6+ Ke8 45. Bc7 Na6
46. Bd6 Kd8 47. Kc6 g5 48. hxg5 h4 49. g6 1-0

[Event "XXX Festival A"]
[Site "Arco ITA"]
[Date "2008.10.25"]
[Round "8"]
[White "Cavatorta, Ivan"]
[Black "Moro, Roberto"]
[Result "1-0"]
[WhiteElo "1868"]
[BlackElo "1866"]
[PlyCount "71"]
[EventDate "2008.10.18"]

1. e4 c5 2. Nf3 Nc6 3. Bb5 d6 4. d4 cxd4 5. Qxd4 Bd7 6. Bxc6 Bxc6 7. c4 Nf6 8.
Nc3 e5 9. Qd3 Be7 10. O-O O-O 11. b3 Qc7 12. Bb2 a6 13. Ne1 b5 14. Rc1 bxc4 15.
bxc4 Rab8 16. Nd5 Bxd5 17. cxd5 Qb6 18. Ba3 Rfc8 19. Nc2 a5 20. Ne3 g6 21. Nc4
Qa6 22. Nxe5 Qxd3 23. Nxd3 Rxc1 24. Rxc1 Nxe4 25. Re1 Nc3 26. Rxe7 Nxd5 27. Re1
Rb6 28. g3 h6 29. Re8+ Kg7 30. Bb2+ f6 31. Ra8 Nb4 32. Ra7+ Kf8 33. Nxb4 axb4
34. Bxf6 d5 35. Bd4 Rb5 36. Kg2 1-0